Advanced Educational Technology/ (Record no. 194972)

MARC details
000 -LEADER
fixed length control field 00545nam a22001817a 4500
005 - DATE AND TIME OF LATEST TRANSACTION
control field 20230206103211.0
010 ## - LCCN (DPL NO)
LC control number ENG-136118
020 ## - INTERNATIONAL STANDARD BOOK NUMBER
International Standard Book Number 9788189005801
Terms of availability 175.00
035 ## - SYSTEM CONTROL NUMBER
System control number EN-119650
037 ## - SOURCE OF ACQUISITION
Source of stock number/acquisition DBAD/PUB
082 ## - DEWEY DECIMAL CLASSIFICATION NUMBER
Classification number 371.33
100 ## - MAIN ENTRY--PERSONAL NAME
Personal name C.P. Singh
245 ## - TITLE STATEMENT
Title Advanced Educational Technology/
Statement of responsibility, etc C.P. Singh
260 ## - PUBLICATION, DISTRIBUTION, ETC. (IMPRINT)
Place of publication, distribution, etc New Delhi
Name of publisher, distributor, etc Lotus Press
Date of publication, distribution, etc 2011
270 ## - ADDRESS
Address 4263/3, Ansari Road, Darya Ganj
City New Delhi
Postal code 110002
Electronic mail address lotus_press@sify.com
300 ## - PHYSICAL DESCRIPTION
Extent 254p.
Other physical details Index
Dimensions 22cm(pbk)
942 ## - ADDED ENTRY ELEMENTS (KOHA)
Source of classification or shelving scheme Dewey Decimal Classification
Item type English Books
Classification part 371.33
Call number suffix ADV
Holdings
Withdrawn status Lost status Not for loan Collection code Home library Current library Date acquired Source of acquisition Cost, normal purchase price Full call number Barcode Copy number Cost, replacement price Koha item type
      Non-fiction R.K.Puram-8 R.K.Puram-8 06/02/2023 DBAD/PUB 175.00 371.33 ADV EN-119650 1 175.00 English Books

© Delhi Public Library
Hit Counter
free hit counter